<?xml version="1.0" encoding="UTF-8"?><?xml-stylesheet type="text/xsl" href="static/style.xsl"?><OAI-PMH xmlns="http://www.openarchives.org/OAI/2.0/" xmlns:xsi="http://www.w3.org/2001/XMLSchema-instance" xsi:schemaLocation="http://www.openarchives.org/OAI/2.0/ http://www.openarchives.org/OAI/2.0/OAI-PMH.xsd"><responseDate>2026-04-17T09:18:33Z</responseDate><request verb="GetRecord" identifier="oai:riubu.ubu.es:10259/9275" metadataPrefix="marc">https://riubu.ubu.es/oai/request</request><GetRecord><record><header><identifier>oai:riubu.ubu.es:10259/9275</identifier><datestamp>2024-06-18T00:05:24Z</datestamp><setSpec>com_10259_4313</setSpec><setSpec>com_10259_5086</setSpec><setSpec>com_10259_2604</setSpec><setSpec>col_10259_4314</setSpec></header><metadata><record xmlns="http://www.loc.gov/MARC21/slim" xmlns:doc="http://www.lyncode.com/xoai" xmlns:xsi="http://www.w3.org/2001/XMLSchema-instance" xmlns:dcterms="http://purl.org/dc/terms/" xsi:schemaLocation="http://www.loc.gov/MARC21/slim http://www.loc.gov/standards/marcxml/schema/MARC21slim.xsd">
<leader>00925njm 22002777a 4500</leader>
<datafield tag="042" ind1=" " ind2=" ">
<subfield code="a">dc</subfield>
</datafield>
<datafield tag="720" ind1=" " ind2=" ">
<subfield code="a">Virumbrales Ortiz, Cintia</subfield>
<subfield code="e">author</subfield>
</datafield>
<datafield tag="720" ind1=" " ind2=" ">
<subfield code="a">Hernández Ruiz, Raquel</subfield>
<subfield code="e">author</subfield>
</datafield>
<datafield tag="720" ind1=" " ind2=" ">
<subfield code="a">Trigo López, Miriam</subfield>
<subfield code="e">author</subfield>
</datafield>
<datafield tag="720" ind1=" " ind2=" ">
<subfield code="a">Vallejos Calzada, Saúl</subfield>
<subfield code="e">author</subfield>
</datafield>
<datafield tag="720" ind1=" " ind2=" ">
<subfield code="a">García Pérez, José Miguel</subfield>
<subfield code="e">author</subfield>
</datafield>
<datafield tag="260" ind1=" " ind2=" ">
<subfield code="c">2024-06-14</subfield>
</datafield>
<datafield tag="520" ind1=" " ind2=" ">
<subfield code="a">In recent years, sensory polymers have evolved significantly, emerging as versatile and cost-effective materials valued for their flexibility and lightweight nature. These polymers have transformed into sophisticated, active systems capable of precise detection and interaction, driving innovation across various domains, including smart materials, biomedical diagnostics, environmental monitoring, and industrial safety. Their unique responsiveness to specific stimuli has sparked considerable interest and exploration in numerous applications. However, along with these advancements, notable challenges need to be addressed. Issues such as wearable technology integration, biocompatibility, selectivity and sensitivity enhancement, stability and reliability improvement, signal processing optimization, IoT integration, and data analysis pose significant hurdles. When considered collectively, these challenges present formidable barriers to the commercial viability of sensory polymer-based technologies. Addressing these challenges requires a multifaceted approach encompassing technological innovation, regulatory compliance, market analysis, and commercialization strategies. Successfully navigating these complexities is essential for unlocking the full potential of sensory polymers and ensuring their widespread adoption and impact across industries, while also providing guidance to the scientific community to focus their research on the challenges of polymeric sensors and to understand the future prospects where research efforts need to be directed.</subfield>
</datafield>
<datafield tag="024" ind2=" " ind1="8">
<subfield code="a">1424-8220</subfield>
</datafield>
<datafield tag="024" ind2=" " ind1="8">
<subfield code="a">http://hdl.handle.net/10259/9275</subfield>
</datafield>
<datafield tag="024" ind2=" " ind1="8">
<subfield code="a">10.3390/s24123852</subfield>
</datafield>
<datafield tag="024" ind2=" " ind1="8">
<subfield code="a">1424-8220</subfield>
</datafield>
<datafield ind1=" " ind2=" " tag="653">
<subfield code="a">Sensory polymers</subfield>
</datafield>
<datafield ind1=" " ind2=" " tag="653">
<subfield code="a">Polymer sensors</subfield>
</datafield>
<datafield ind1=" " ind2=" " tag="653">
<subfield code="a">Chemosensory polymers</subfield>
</datafield>
<datafield ind1=" " ind2=" " tag="653">
<subfield code="a">Polymer chemosensors</subfield>
</datafield>
<datafield ind1=" " ind2=" " tag="653">
<subfield code="a">Chemical sensors</subfield>
</datafield>
<datafield ind1=" " ind2=" " tag="653">
<subfield code="a">Chemosensors</subfield>
</datafield>
<datafield ind1=" " ind2=" " tag="653">
<subfield code="a">Frontier in sensor technology</subfield>
</datafield>
<datafield tag="245" ind1="0" ind2="0">
<subfield code="a">Sensory Polymers: Trends, Challenges, and Prospects Ahead</subfield>
</datafield>
</record></metadata></record></GetRecord></OAI-PMH>